000 01264nam a2200289 a 4500
003 OSt
005 20230608104805.0
007 cr ||||||a|c|a
008 230601s2022 mx a|||fom||| 001 0 spa d
040 _erda
100 1 _9187306
_aCipriano Esteban, María Elena
245 1 0 _aEstructura poblacional de helechos arborescentes en Huehuetla, Puebla /
_cpor María Elena Cipriano Esteban; director de tesis María Sol Robledo y Monterrubio.
264 1 _aChapingo, México :
_bEl autor,
_c2022.
300 _a1 recurso en línea (156 páginas):
_bfiguras, cuadros.
336 _2rdacontent
_atexto
_btxt
337 _2rdamedia
_acomputadora
_bc
338 _2rdacarrier
_arecurso en línea
_bcr
502 _bIRNR
_cSuelos
_d2022.
504 _aIncluye referencias bibliográficas: páginas 148-156.
650 4 _9135277
_aHelechos
_xFisiología y morfología
650 4 _9187307
_aHelechos
_xDistribución geográfica
_zPuebla
650 4 _9187308
_aHelechos
_xIdentificación
650 4 _9187309
_aHelechos
_xPropagación
700 1 _998047
_aRobledo y Monterrubio, María Sol
_eDirector de tesis.
856 _uhttp://10.13.5.2/tesis/tl/1010215-1_Cipriano-Esteban_Maria_Elena.pdf
_zDESCARGAR PDF
942 _2Clasificación Universidad Autónoma Chapingo
_cTD
999 _c218881
_d218881